000 00302nam a22001337a 4500
008 170529b xxu||||| |||| 00| 0 eng d
020 _a9783540552529
041 _aeng
080 _a621
100 _a27
101 _aIM
245 _aBAUFORMEN MODERNER FERTIGUNGSSYSTEME
_cPOROVIC
942 _2udc
_cBK
999 _c14820
_d14820